Normal view
MARC view
- VAZQUEZ, PEDRO RAMIREZ,MARGAIN, ALEJANDRO LAZO
Entry Personal Name
001 - CONTROL NUMBER
- control field: 75329
003 - CONTROL NUMBER IDENTIFIER
- control field: NUST
005 - DATE AND TIME OF LATEST TRANSACTION
- control field: 20210628205407.0
008 - FIXED-LENGTH DATA ELEMENTS
- fixed length control field: 210628|| aca||aabn | a|a d
040 ## - CATALOGING SOURCE
- Original cataloging agency: NUST
- Transcribing agency: NUST
100 ## - HEADING--PERSONAL NAME
- Personal name: VAZQUEZ, PEDRO RAMIREZ,MARGAIN, ALEJANDRO LAZO
670 ## - SOURCE DATA FOUND
- Source citation: Work cat.: (NUST): VAZQUEZ, PEDRO RAMIREZ,MARGAIN, ALEJANDRO LAZO, INDUSTRIAL DESIGN AND HUMAN DEVELOPMENT, 1980
